| 000 | 00464nam a2200157Ia 4500 | ||
|---|---|---|---|
| 999 |
_c37152 _d37152 |
||
| 003 | OSt | ||
| 005 | 20200519131915.0 | ||
| 008 | 190216s9999||||xx |||||||||||||| ||und|| | ||
| 040 | _coclc | ||
| 082 |
_a320.954 _bRAJ/W |
||
| 100 |
_aRajshekar, V T _9345 |
||
| 245 | 0 |
_aWho Is Ruling India And How / _cV T Rajshekar |
|
| 260 |
_bDalit Sahitya Akademy, _c2010. _aBangalore: |
||
| 300 | _a34p | ||
| 942 |
_cREF _2ddc _h320.954 _iRAJ/W _k320.954 _mRAJ/W |
||